[Event "Play for Durgesh Fundraiser Blitz"]
[Site "Vishy Anand Arena"]
[Date "2020.09.19"]
[Round "6"]
[White "Adireddyarjun"]
[Black "Scorpion29"]
[Result "1-0"]
[WhiteElo "1596"]
[BlackElo "1766"]
[Annotator "NA"]
[PlyCount "51"]
[EventDate "2020.09.19"]
[EventType "swiss (blitz)"]

1. e4 e6 2. d4 d5 3. Bd3 dxe4 4. Bxe4 Nf6 5. Bf3 c5 6. Ne2 Qb6 7. b3 cxd4 8. Nxd4 Bb4+ 9. c3 Bc5 10. Be3 Nc6 11. Bxc6+ bxc6 12. O-O Ba6 13. Re1 O-O 14. Nd2 Rad8 15. b4 Bxd4 16. Bxd4 Qc7 17. Qa4 Bb5 18. Qc2 a5 19. a4 Ba6 20. Nf3 Nd5 21. Rab1 axb4 22. cxb4 Rb8 23. Be5 Qa7 24. Bxb8 Rxb8 25. Qc5 Bd3 26. Qxa7 1-0

[Event "Play for Durgesh Fundraiser Blitz"]
[Site "Vishy Anand Arena"]
[Date "2020.09.19"]
[Round "6"]
[White "Pradosh"]
[Black "Akshar77"]
[Result "0-1"]
[WhiteElo "1596"]
[BlackElo "1426"]
[Annotator "NA"]
[PlyCount "58"]
[EventDate "2020.09.19"]
[EventType "swiss (blitz)"]

1. d4 Nf6 2. e3 e6 3. Nf3 b6 4. Nc3 Bb4 5. Bd3 Bb7 6. O-O Bxc3 7. bxc3 Ne4 8. Bxe4 Bxe4 9. Nd2 Bb7 10. e4 Nc6 11. Re1 O-O 12. Bb2 Qg5 13. Nf3 Qb5 14. Rb1 d6 15. Ba3 Qa5 16. Rb3 Ba6 17. Nh4 Bc4 18. Bb4 Qxa2 19. Rb1 Qa4 20. Qd2 a5 21. Ra1 Ba2 22. Qc1 axb4 23. cxb4 Nxd4 24. Re3 g6 25. Qb2 Nxc2 26. Rxa2 Qxa2 27. Qxa2 Rxa2 28. Re2 Ra1+ 29. Re1 Rxe1# 0-1

[Event "Play for Durgesh Fundraiser Blitz"]
[Site "Vishy Anand Arena"]
[Date "2020.09.19"]
[Round "6"]
[White "Chessjoker11"]
[Black "Uddipanroy"]
[Result "0-1"]
[WhiteElo "1595"]
[BlackElo "1713"]
[Annotator "NA"]
[PlyCount "44"]
[EventDate "2020.09.19"]
[EventType "swiss (blitz)"]

1. d4 Nf6 2. c4 g6 3. Nc3 Bg7 4. e4 d6 5. Nf3 O-O 6. Be2 e5 7. d5 a5 8. O-O Na6 9. Be3 Nc5 10. Bxc5 dxc5 11. Na4 Nxe4 12. Bd3 Nd6 13. Bc2 b6 14. Re1 Re8 15. Nc3 f5 16. a3 Nxc4 17. b3 Nd6 18. Nd2 e4 19. Na4 Ba6 20. Rc1 Qd7 21. Nb1 Nb5 22. Nbc3 Nxc3 0-1

[Event "Play for Durgesh Fundraiser Blitz"]
[Site "Vishy Anand Arena"]
[Date "2020.09.19"]
[Round "6"]
[White "Namanjain2005"]
[Black "Kiruthi"]
[Result "1-0"]
[WhiteElo "1592"]
[BlackElo "1398"]
[Annotator "NA"]
[PlyCount "109"]
[EventDate "2020.09.19"]
[EventType "swiss (blitz)"]

1. e4 c5 2. Nf3 d6 3. d4 cxd4 4. Nxd4 Nf6 5. Nc3 Nc6 6. Nb3 e6 7. Be2 Be7 8. O-O b6 9. Bg5 Bb7 10. Qd2 O-O 11. Rfd1 Rc8 12. Bxf6 gxf6 13. Qf4 Ne5 14. h4 Ng6 15. Qg3 Kh8 16. h5 Ne5 17. f4 Rg8 18. Qe3 Nc6 19. Bd3 e5 20. h6 Rg6 21. f5 Rg5 22. Nd5 Qg8 23. Bf1 Rg3 24. Qf2 Qg5 25. Rd3 Rg8 26. Rxg3 Qxg3 27. Qxg3 Rxg3 28. a4 Bf8 29. a5 Bxh6 30. axb6 axb6 31. Nxb6 Nd4 32. Nxd4 exd4 33. Ra7 Bxe4 34. Rxf7 Bxf5 35. Rxf6 Be3+ 36. Kh2 Rg5 37. Bc4 Be4 38. Rf8+ Kg7 39. Rg8+ Kh6 40. Rxg5 Kxg5 41. Bd3 Bxd3 42. cxd3 h5 43. Nc4 d5 44. Nxe3 dxe3 45. Kg3 d4 46. Kf3 h4 47. b3 Kf5 48. b4 Ke5 49. b5 Kd6 50. b6 Kc5 51. b7 Kb6 52. b8=Q+ Ka6 53. Qh8 Ka5 54. Qxh4 Kb4 55. Qxd4+ 1-0

[Event "Play for Durgesh Fundraiser Blitz"]
[Site "Vishy Anand Arena"]
[Date "2020.09.19"]
[Round "6"]
[White "Tustintin"]
[Black "Gskaavya"]
[Result "1-0"]
[WhiteElo "1592"]
[BlackElo "1459"]
[Annotator "NA"]
[PlyCount "73"]
[EventDate "2020.09.19"]
[EventType "swiss (blitz)"]

1. d4 Nf6 2. c4 e6 3. Nc3 Bb4 4. a3 Be7 5. Qc2 O-O 6. Nf3 c5 7. e3 cxd4 8. exd4 b6 9. Bd3 Bb7 10. Ng5 h6 11. Nh7 Nxh7 12. Bxh7+ Kh8 13. Be4 d5 14. cxd5 exd5 15. Bxd5 Bxd5 16. Qf5 Be6 17. Qe5 Nc6 18. Qe4 Nxd4 19. Be3 Nb3 20. Rd1 Qc7 21. Bf4 Qc5 22. O-O Rfd8 23. Rfe1 Bf5 24. Qxe7 Qxe7 25. Rxe7 Rxd1+ 26. Nxd1 Rd8 27. Ne3 Rc8 28. h3 Be6 29. Kh2 Nd4 30. Rxa7 Ne2 31. Bg3 f5 32. Be5 Rg8 33. Rb7 Nc1 34. Rxb6 Nd3 35. Rxe6 Nxe5 36. Rxe5 Rb8 37. Nxf5 1-0

[Event "Play for Durgesh Fundraiser Blitz"]
[Site "Vishy Anand Arena"]
[Date "2020.09.19"]
[Round "6"]
[White "abhi_golu"]
[Black "suryamnaik"]
[Result "1-0"]
[WhiteElo "1592"]
[BlackElo "1851"]
[Annotator "NA"]
[PlyCount "149"]
[EventDate "2020.09.19"]
[EventType "swiss (blitz)"]

1. e4 c5 2. Nf3 d6 3. c3 Nf6 4. Be2 e6 5. O-O Be7 6. d4 cxd4 7. cxd4 O-O 8. Nc3 Nc6 9. Bg5 h6 10. Bh4 b6 11. h3 Bb7 12. Bb5 Nh7 13. Bxe7 Qxe7 14. Re1 Ng5 15. Re3 Nxf3+ 16. Rxf3 Rac8 17. Rg3 a6 18. Bf1 b5 19. Qd2 Kh8 20. d5 Ne5 21. f4 Nc4 22. Bxc4 Rxc4 23. Re1 Qc7 24. Kh1 b4 25. Ne2 Rc2 26. Qd4 e5 27. fxe5 dxe5 28. Qxb4 Rc8 29. Rc3 Rxc3 30. Nxc3 Qc4 31. Qxc4 Rxc4 32. Kg1 Kg8 33. Kf2 Kf8 34. g4 f6 35. Kg3 Ke7 36. Kh4 Kd6 37. Kh5 Rc7 38. Kg6 Bc8 39. Re3 Bb7 40. Rd3 Bc8 41. a3 Bb7 42. Kh5 Bc8 43. Kh4 Bb7 44. Kg3 Bc8 45. Kf3 Bb7 46. Ke3 Bc8 47. Na4 Bb7 48. Nb6 Bc8 49. Rc3 Bb7 50. Rxc7 Kxc7 51. Na4 Kd6 52. Nc3 Kd7 53. Kd3 Ke7 54. Na4 Kf8 55. Nc5 Kg8 56. Nxb7 Kh7 57. d6 Kg6 58. d7 Kg5 59. d8=Q Kh4 60. Qf8 Kxh3 61. Qxg7 Kg2 62. Qxh6 Kg3 63. Qxf6 Kg2 64. Qxe5 Kg1 65. Qd6 Kg2 66. Qxa6 Kg1 67. Qf6 Kg2 68. Qf5 Kg1 69. Nc5 Kg2 70. Ke3 Kg1 71. Qf4 Kg2 72. g5 Kg1 73. g6 Kg2 74. g7 Kg1 75. g8=Q+ 1-0

[Event "Play for Durgesh Fundraiser Blitz"]
[Site "Vishy Anand Arena"]
[Date "2020.09.19"]
[Round "6"]
[White "enthusiast"]
[Black "Ameethh"]
[Result "1-0"]
[WhiteElo "1590"]
[BlackElo "1488"]
[Annotator "NA"]
[PlyCount "75"]
[EventDate "2020.09.19"]
[EventType "swiss (blitz)"]

1. e4 c5 2. Nf3 d6 3. Bc4 Nc6 4. O-O e5 5. c3 Be7 6. d4 cxd4 7. cxd4 Bg4 8. dxe5 Nxe5 9. Be2 Ng6 10. h3 Be6 11. Nc3 h6 12. Be3 Nf6 13. Qd2 Ne5 14. Nxe5 dxe5 15. Qxd8+ Bxd8 16. Bb5+ Nd7 17. Rad1 a6 18. Bxd7+ Bxd7 19. Rd5 Bf6 20. Rfd1 Be6 21. Rd6 O-O 22. Nd5 Bxd5 23. R1xd5 Rad8 24. Rd7 Rb8 25. Bb6 Rfe8 26. Kf1 Re7 27. Rxe7 Bxe7 28. Rxe5 Bf6 29. Rd5 Bxb2 30. e5 Kf8 31. f4 Ke8 32. Ke2 Ba3 33. Kd3 Be7 34. Ke4 Rd8 35. Bxd8 Bxd8 36. f5 f6 37. e6 Ke7 38. Rd7+ 1-0

[Event "Play for Durgesh Fundraiser Blitz"]
[Site "Vishy Anand Arena"]
[Date "2020.09.19"]
[Round "6"]
[White "Gonda"]
[Black "S A Serock"]
[Result "0-1"]
[WhiteElo "1589"]
[BlackElo "1591"]
[Annotator "NA"]
[PlyCount "82"]
[EventDate "2020.09.19"]
[EventType "swiss (blitz)"]

1. e4 c5 2. Nf3 d6 3. d4 cxd4 4. Nxd4 g6 5. Nc3 Bg7 6. Be3 Nf6 7. Nf3 O-O 8. Bd3 Nc6 9. O-O Bg4 10. Be2 e6 11. h3 Bh5 12. g4 Bxg4 13. hxg4 Nxg4 14. Nh2 Nxe3 15. fxe3 Qg5+ 16. Ng4 h5 17. Kf2 hxg4 18. Bxg4 Bh6 19. Re1 Qh4+ 20. Kf1 Qh1+ 21. Ke2 Qg2+ 22. Kd3 d5 23. exd5 Ne5+ 24. Kd4 Nxg4 25. Rg1 Bg7+ 26. Kd3 Ne5+ 27. Kd4 Nf3+ 28. Kc4 b5+ 29. Kb4 a5+ 30. Kxb5 Rfb8+ 31. Kc4 exd5+ 32. Nxd5 Rc8+ 33. Kd3 Ne5+ 34. Kd4 Nc6+ 35. Kd3 Qxd5+ 36. Ke2 Nd4+ 37. exd4 Re8+ 38. Kd3 Rad8 39. c3 Qe4+ 40. Kd2 Bh6+ 41. Rg5 Bxg5# 0-1

[Event "Play for Durgesh Fundraiser Blitz"]
[Site "Vishy Anand Arena"]
[Date "2020.09.19"]
[Round "6"]
[White "SuhasMrinal"]
[Black "Ritvik1705"]
[Result "1-0"]
[WhiteElo "1589"]
[BlackElo "1409"]
[Annotator "NA"]
[PlyCount "91"]
[EventDate "2020.09.19"]
[EventType "swiss (blitz)"]

1. e4 e5 2. Nf3 Nc6 3. Bb5 Nf6 4. O-O Nxe4 5. d4 exd4 6. Re1 f5 7. Nxd4 Nxd4 8. Qxd4 Be7 9. Bd3 O-O 10. Bxe4 fxe4 11. Qxe4 Re8 12. Nc3 Kf8 13. Qf3+ Bf6 14. Rxe8+ Qxe8 15. Bg5 Qe7 16. Nd5 Qe6 17. Nxf6 gxf6 18. Qxf6+ Qxf6 19. Bxf6 Kf7 20. Be5 d6 21. Bg3 Bf5 22. Rc1 Re8 23. h3 h5 24. c3 b6 25. Rd1 Be6 26. Rd4 Bxa2 27. Ra4 Bb3 28. Rxa7 Re1+ 29. Kh2 Ke6 30. Rxc7 Re2 31. Rc6 Rxb2 32. Rxd6+ Kf5 33. Rxb6 Rb1 34. Rb5+ Ke4 35. Rxh5 Kd3 36. Rc5 Rc1 37. Be5 Ke2 38. Bd4 Kf1 39. Re5 Ba4 40. f4 Bc6 41. Rg5 Ke2 42. f5 Kd3 43. f6 Ke4 44. f7 Bd5 45. f8=Q Bc4 46. Qf5# 1-0

[Event "Play for Durgesh Fundraiser Blitz"]
[Site "Vishy Anand Arena"]
[Date "2020.09.19"]
[Round "6"]
[White "Abhiharry726"]
[Black "Believe1996"]
[Result "1-0"]
[WhiteElo "1581"]
[BlackElo "1437"]
[Annotator "NA"]
[PlyCount "51"]
[EventDate "2020.09.19"]
[EventType "swiss (blitz)"]

1. e4 c6 2. Nf3 d5 3. exd5 cxd5 4. d4 e6 5. Bd3 Nf6 6. O-O Qc7 7. Bg5 Be7 8. Nc3 h6 9. Bh4 a6 10. Bg3 Bd6 11. Ne5 Nbd7 12. f4 Nh5 13. Qxh5 Nxe5 14. fxe5 Be7 15. Qxf7+ Kd7 16. Qxg7 Qd8 17. Rf7 Qe8 18. Bh4 Kc6 19. Rxe7 Qg8 20. Qxg8 Rxg8 21. Bg3 Bd7 22. Na4 b6 23. Rc1 Raf8 24. c4 dxc4 25. Rxc4+ Kd5 26. Rxd7# 1-0

[Event "Play for Durgesh Fundraiser Blitz"]
[Site "Vishy Anand Arena"]
[Date "2020.09.19"]
[Round "6"]
[White "Mithilesh2009"]
[Black "maddy_ducky"]
[Result "0-1"]
[WhiteElo "1581"]
[BlackElo "1426"]
[Annotator "NA"]
[PlyCount "76"]
[EventDate "2020.09.19"]
[EventType "swiss (blitz)"]

1. e4 c6 2. Nf3 d5 3. exd5 cxd5 4. d3 Nf6 5. Be2 Nc6 6. O-O Bf5 7. Nc3 e6 8. Bg5 Be7 9. Bxf6 Bxf6 10. Qd2 O-O 11. Rfe1 h6 12. Rad1 Rc8 13. d4 Qb6 14. Na4 Qc7 15. Bd3 Bxd3 16. Qxd3 Nb4 17. Qb3 a5 18. c3 Nc6 19. Nb6 Rcd8 20. Ne5 Nxe5 21. dxe5 Bxe5 22. Na4 Bxh2+ 23. Kf1 Bd6 24. Re3 Rb8 25. Rc1 b5 26. Rg3 bxa4 27. Qxa4 Bxg3 28. fxg3 Qxg3 29. Qxa5 Qf4+ 30. Kg1 Qxc1+ 31. Kh2 Qf4+ 32. g3 Rxb2+ 33. Kh3 Qf1+ 34. Kh4 g5+ 35. Kg4 f5+ 36. Kh5 Rh2+ 37. Kg6 f4 38. Qc7 Qb1# 0-1

[Event "Play for Durgesh Fundraiser Blitz"]
[Site "Vishy Anand Arena"]
[Date "2020.09.19"]
[Round "6"]
[White "Shreesuday"]
[Black "Snehil29"]
[Result "0-1"]
[WhiteElo "1577"]
[BlackElo "1982"]
[Annotator "NA"]
[PlyCount "60"]
[EventDate "2020.09.19"]
[EventType "swiss (blitz)"]

1. d4 Nf6 2. Bf4 g6 3. e3 Bg7 4. c3 O-O 5. Bd3 d6 6. Nd2 Nbd7 7. Ngf3 Qe8 8. Qc2 e5 9. dxe5 dxe5 10. Bg3 Nh5 11. e4 Nc5 12. Be2 c6 13. O-O-O a5 14. Nb3 Nxb3+ 15. Qxb3 b5 16. a3 Be6 17. Qc2 Nxg3 18. hxg3 Qe7 19. Kb1 Rfb8 20. Rd3 b4 21. cxb4 axb4 22. axb4 Qxb4 23. Rc3 Ra2 24. Kc1 Rxb2 25. Qd3 Rb1+ 26. Kd2 Rxh1 27. Ke3 Bh6+ 28. Ng5 Bxg5+ 29. Kf3 h5 30. Bf1 Bg4# 0-1

[Event "Play for Durgesh Fundraiser Blitz"]
[Site "Vishy Anand Arena"]
[Date "2020.09.19"]
[Round "6"]
[White "Kmistry999"]
[Black "Tanishagr"]
[Result "1-0"]
[WhiteElo "1576"]
[BlackElo "1526"]
[Annotator "NA"]
[PlyCount "97"]
[EventDate "2020.09.19"]
[EventType "swiss (blitz)"]

1. e4 e5 2. Nf3 Nc6 3. Bb5 Nf6 4. Bxc6 bxc6 5. O-O Bc5 6. d3 O-O 7. Bg5 d6 8. c3 Bd7 9. b4 Bb6 10. a4 a5 11. Re1 h6 12. Nbd2 hxg5 13. h3 d5 14. Nxg5 dxe4 15. Ngxe4 Nxe4 16. Rxe4 Bf5 17. Rxe5 Qd7 18. Ne4 Bxe4 19. dxe4 Qc8 20. Qh5 g6 21. Qg5 Qb8 22. Qg4 Qa7 23. Qg3 Bxf2+ 24. Qxf2 Qxf2+ 25. Kxf2 Rfe8 26. Rxe8+ Rxe8 27. Re1 f5 28. exf5 Rxe1 29. Kxe1 gxf5 30. bxa5 Kf8 31. a6 Ke8 32. a7 Kd7 33. a8=Q Kd6 34. g4 fxg4 35. hxg4 c5 36. g5 Ke6 37. g6 Kf6 38. Qg8 c4 39. Qf7+ Kg5 40. Qd7 Kf4 41. Qxc7+ Ke4 42. Qxc4+ Kf5 43. g7 Kf6 44. g8=Q Ke5 45. Qd8 Kf5 46. Qcd4 Ke6 47. Qe4+ Kf7 48. Qde8+ Kg7 49. Q4g6# 1-0

[Event "Play for Durgesh Fundraiser Blitz"]
[Site "Vishy Anand Arena"]
[Date "2020.09.19"]
[Round "6"]
[White "Tustintin"]
[Black "AAKASH M H"]
[Result "1-0"]
[WhiteElo "1576"]
[BlackElo "1548"]
[Annotator "NA"]
[PlyCount "35"]
[EventDate "2020.09.19"]
[EventType "swiss (blitz)"]

1. d4 d5 2. c4 dxc4 3. e3 Nf6 4. Bxc4 Bf5 5. Qb3 e6 6. Qxb7 Be4 7. d5 Nbd7 8. Bb5 Rb8 9. Bxd7+ Nxd7 10. Qxa7 Bxg2 11. dxe6 fxe6 12. Bd2 Bxh1 13. Nc3 Bc5 14. Qa4 Qg5 15. Nce2 Rxb2 16. Rd1 Rf8 17. Bc3 Rb6 18. Qxd7# 1-0

[Event "Play for Durgesh Fundraiser Blitz"]
[Site "Vishy Anand Arena"]
[Date "2020.09.19"]
[Round "6"]
[White "VRK"]
[Black "Shankhodip"]
[Result "1-0"]
[WhiteElo "1576"]
[BlackElo "1469"]
[Annotator "NA"]
[PlyCount "65"]
[EventDate "2020.09.19"]
[EventType "swiss (blitz)"]

1. e4 e6 2. d4 d5 3. Nc3 Bb4 4. exd5 exd5 5. Bd3 Nf6 6. Nge2 O-O 7. O-O b6 8. Bg5 Bb7 9. Ng3 h6 10. Be3 c5 11. Qf3 Nbd7 12. Nf5 Bxc3 13. bxc3 c4 14. Qg3 Nh5 15. Nxh6+ Kh8 16. Qh3 Ndf6 17. Ng4 Bc8 18. Nxf6 Bxh3 19. Nxh5 cxd3 20. gxh3 dxc2 21. Rac1 Qh4 22. Ng3 Qxh3 23. Rxc2 Qd7 24. Bf4 Rac8 25. Re1 Rc4 26. Rce2 Rxc3 27. Re7 Qd8 28. Bg5 f6 29. Bf4 Rc8 30. Nf5 Rg8 31. R1e3 Rf8 32. Rh3+ Kg8 33. Rxg7# 1-0

[Event "Play for Durgesh Fundraiser Blitz"]
[Site "Vishy Anand Arena"]
[Date "2020.09.19"]
[Round "6"]
[White "Shivanthm"]
[Black "Chessjoker11"]
[Result "1-0"]
[WhiteElo "1573"]
[BlackElo "1556"]
[Annotator "NA"]
[PlyCount "55"]
[EventDate "2020.09.19"]
[EventType "swiss (blitz)"]

1. e4 e5 2. Nf3 Nf6 3. Nxe5 Qe7 4. Nf3 Nxe4 5. Be2 Nc6 6. O-O Nf6 7. d4 Qd8 8. d5 Na5 9. Re1 Be7 10. c4 O-O 11. Nc3 b6 12. b3 Ba6 13. Bb2 Re8 14. h4 Bb4 15. Nd4 Bxc3 16. Bxc3 Ne4 17. Qd3 Qxh4 18. g3 Qd8 19. Bb2 Nb7 20. Bf3 Nf6 21. Nf5 Rxe1+ 22. Rxe1 Nc5 23. Qd4 d6 24. Ne7+ Kf8 25. Qh4 Ng8 26. Qxh7 Nxe7 27. Qh8+ Ng8 28. Bxg7# 1-0

[Event "Play for Durgesh Fundraiser Blitz"]
[Site "Vishy Anand Arena"]
[Date "2020.09.19"]
[Round "6"]
[White "Gonda"]
[Black "deborajbiswas"]
[Result "1-0"]
[WhiteElo "1572"]
[BlackElo "1579"]
[Annotator "NA"]
[PlyCount "55"]
[EventDate "2020.09.19"]
[EventType "swiss (blitz)"]

1. e4 c5 2. Nf3 d6 3. d4 cxd4 4. Nxd4 Nf6 5. Nc3 g6 6. Bd3 Bg7 7. Be3 O-O 8. Nf3 Nc6 9. O-O Bg4 10. h3 Be6 11. a3 a6 12. Be2 d5 13. exd5 Nxd5 14. Nxd5 Bxd5 15. c4 Be6 16. Qxd8 Re8 17. Qd2 Rad8 18. Qc2 Bf5 19. Qc1 Bd3 20. Bxd3 Rxd3 21. Rb1 Red8 22. c5 Na5 23. Qc2 Nb3 24. Rfd1 Rxd1+ 25. Rxd1 Rxd1+ 26. Qxd1 Na5 27. Qd8+ Bf8 28. Qxa5 1-0

[Event "Play for Durgesh Fundraiser Blitz"]
[Site "Vishy Anand Arena"]
[Date "2020.09.19"]
[Round "6"]
[White "ArunaD"]
[Black "LegendBoy6"]
[Result "1-0"]
[WhiteElo "1568"]
[BlackElo "1652"]
[Annotator "NA"]
[PlyCount "35"]
[EventDate "2020.09.19"]
[EventType "swiss (blitz)"]

1. f4 e6 2. Nf3 Nc6 3. e3 d5 4. Bb5 Bc5 5. b3 Nge7 6. Bb2 O-O 7. Ng5 h6 8. h4 Nf5 9. g4 hxg5 10. gxf5 gxh4 11. Qh5 f6 12. Rxh4 exf5 13. Nc3 Nb4 14. O-O-O c6 15. Rdh1 cxb5 16. Qg6 Nxa2+ 17. Nxa2 Bxe3 18. Rh8# 1-0

[Event "Play for Durgesh Fundraiser Blitz"]
[Site "Vishy Anand Arena"]
[Date "2020.09.19"]
[Round "6"]
[White "Soham Sheogekar"]
[Black "Beradia"]
[Result "1-0"]
[WhiteElo "1563"]
[BlackElo "1521"]
[Annotator "NA"]
[PlyCount "71"]
[EventDate "2020.09.19"]
[EventType "swiss (blitz)"]

1. e4 c5 2. Nf3 Nc6 3. d4 cxd4 4. Nxd4 Nxd4 5. Qxd4 Nf6 6. Nc3 g6 7. e5 Bg7 8. exf6 Bxf6 9. Qd3 Qc7 10. Bd2 d6 11. O-O-O Bf5 12. Qe3 Rc8 13. Bd3 Bxd3 14. Qxd3 Qa5 15. a3 O-O 16. Ne4 Bg7 17. Bxa5 b6 18. Bc3 Bh6+ 19. Bd2 Bg7 20. f3 f5 21. Ng5 h6 22. Ne6 Rf6 23. Nxg7 Kxg7 24. Bc3 e5 25. f4 Re6 26. fxe5 dxe5 27. Qd7+ Kf6 28. Qxc8 h5 29. Qf8+ Kg5 30. h4+ Kg4 31. Qb4+ e4 32. Qc4 Re8 33. Qe2+ Kf4 34. g3+ Kxg3 35. Rdg1+ Kf4 36. Qf2# 1-0

[Event "Play for Durgesh Fundraiser Blitz"]
[Site "Vishy Anand Arena"]
[Date "2020.09.19"]
[Round "6"]
[White "Saathwikthegreat"]
[Black "amurali"]
[Result "0-1"]
[WhiteElo "1560"]
[BlackElo "1574"]
[Annotator "NA"]
[PlyCount "54"]
[EventDate "2020.09.19"]
[EventType "swiss (blitz)"]

1. e4 c5 2. Nf3 a6 3. c3 d5 4. exd5 Qxd5 5. d4 Nf6 6. c4 Qh5 7. Be3 Bg4 8. Be2 cxd4 9. Nxd4 Bxe2 10. Qxe2 Qxe2+ 11. Nxe2 Nc6 12. Nbc3 e6 13. O-O-O Bb4 14. a3 Bxc3 15. Nxc3 O-O 16. Rd2 Rfd8 17. Rhd1 Rxd2 18. Rxd2 Ng4 19. h3 Nxe3 20. fxe3 Na5 21. Rd7 Nxc4 22. Rxb7 Nxe3 23. g3 g6 24. Nd1 Rc8+ 25. Nc3 Rd8 26. Ra7 Rd6 27. Ne4 Rd1# 0-1

[Event "Play for Durgesh Fundraiser Blitz"]
[Site "Vishy Anand Arena"]
[Date "2020.09.19"]
[Round "6"]
[White "Harshinianand"]
[Black "Kiruthi"]
[Result "1-0"]
[WhiteElo "1558"]
[BlackElo "1419"]
[Annotator "NA"]
[PlyCount "63"]
[EventDate "2020.09.19"]
[EventType "swiss (blitz)"]

1. e4 c5 2. Nf3 d6 3. d4 cxd4 4. Nxd4 Nf6 5. Nc3 Nc6 6. Be3 e6 7. f3 Be7 8. Qd2 Nxd4 9. Bxd4 b6 10. g4 Bb7 11. h4 h6 12. Bb5+ Kf8 13. O-O-O Rc8 14. g5 hxg5 15. hxg5 Nh7 16. f4 e5 17. Be3 exf4 18. Bxf4 a6 19. Bc4 Kg8 20. g6 d5 21. gxh7+ Rxh7 22. exd5 g6 23. d6 Bxh1 24. dxe7 Qxe7 25. Bd6 Qf6 26. Rf1 Qxd6 27. Qxd6 Rf8 28. Qe7 Bc6 29. Nd5 Be8 30. Nf6+ Kh8 31. Nxh7 Kxh7 32. Qf6 1-0

[Event "Play for Durgesh Fundraiser Blitz"]
[Site "Vishy Anand Arena"]
[Date "2020.09.19"]
[Round "6"]
[White "Crazyintrovert"]
[Black "Haldankardhruv"]
[Result "1-0"]
[WhiteElo "1556"]
[BlackElo "1762"]
[Annotator "NA"]
[PlyCount "105"]
[EventDate "2020.09.19"]
[EventType "swiss (blitz)"]

1. e4 c5 2. Nf3 a6 3. g3 b5 4. Bg2 Bb7 5. d3 e6 6. O-O d5 7. exd5 Bxd5 8. a3 Nf6 9. Nc3 Bb7 10. Re1 Be7 11. b3 O-O 12. Bb2 Nd5 13. Nxd5 Bxd5 14. Rb1 Bf6 15. Ne5 Bxg2 16. Kxg2 Qd5+ 17. Nf3 Bxb2 18. Rxb2 Nc6 19. Kg1 Nd4 20. Re3 Nxf3+ 21. Qxf3 Qxf3 22. Rxf3 Rfd8 23. Re3 Rd4 24. Kf1 c4 25. bxc4 bxc4 26. Re4 Rxe4 27. dxe4 h6 28. Ke2 Rd8 29. Rb4 Rc8 30. Ke3 e5 31. Rb6 a5 32. Rb5 f6 33. Rxa5 Kf7 34. Rb5 Ke6 35. a4 Kd6 36. f3 Kc6 37. Kd2 Ra8 38. Rb4 Kc5 39. Kc3 Rd8 40. Rxc4+ Kb6 41. Kb4 Rb8 42. a5+ Ka6+ 43. Ka4 Rd8 44. Rc6+ Kb7 45. Kb5 Rd2 46. a6+ Ka7 47. Rc7+ Kb8 48. Kb6 Rd6+ 49. Rc6 Rd7 50. c4 h5 51. c5 Rd1 52. a7+ Ka8 53. Rc8# 1-0

[Event "Play for Durgesh Fundraiser Blitz"]
[Site "Vishy Anand Arena"]
[Date "2020.09.19"]
[Round "6"]
[White "Doremon2011"]
[Black "Chnivas"]
[Result "1-0"]
[WhiteElo "1555"]
[BlackElo "1448"]
[Annotator "NA"]
[PlyCount "53"]
[EventDate "2020.09.19"]
[EventType "swiss (blitz)"]

1. e4 e6 2. d4 d5 3. Nc3 Nf6 4. e5 Nfd7 5. Nf3 c5 6. Be3 c4 7. Qd2 Nc6 8. Be2 Qa5 9. O-O Bb4 10. a3 Bxc3 11. bxc3 O-O 12. Qd1 Ne7 13. Bd2 Ng6 14. Ne1 Rd8 15. Bh5 Ndf8 16. Bxg6 Nxg6 17. Qg4 Bd7 18. Qg5 Ba4 19. f4 Qc7 20. f5 exf5 21. Qxf5 Bd7 22. Qxf7+ Kh8 23. e6 Rf8 24. Qxd7 Rxf1+ 25. Kxf1 Qxh2 26. e7 Qf4+ 27. Bxf4 1-0

[Event "Play for Durgesh Fundraiser Blitz"]
[Site "Vishy Anand Arena"]
[Date "2020.09.19"]
[Round "6"]
[White "Prasadm"]
[Black "Aniketmohapatra"]
[Result "0-1"]
[WhiteElo "1555"]
[BlackElo "1723"]
[Annotator "NA"]
[PlyCount "68"]
[EventDate "2020.09.19"]
[EventType "swiss (blitz)"]

1. e4 e5 2. Nf3 Nf6 3. Nxe5 Nc6 4. Nf3 Nxe4 5. Qe2 Qe7 6. d3 Nf6 7. Qxe7+ Bxe7 8. Nc3 d5 9. d4 Bg4 10. Be2 Bxf3 11. Bxf3 Nxd4 12. Nxd5 Nxd5 13. Bxd5 Nxc2+ 14. Kd1 Nxa1 15. Bxb7 Rd8+ 16. Bd2 Bg5 17. Re1+ Kf8 18. Re2 Rxd2+ 19. Rxd2 Bxd2 20. Kxd2 Ke7 21. Kc1 Rd8 22. Be4 g6 23. h4 f5 24. Bf3 Kf6 25. g3 Re8 26. Kd2 Re5 27. Bg2 Rc5 28. f3 Nc2 29. Bf1 Nb4 30. a3 Nd5 31. b4 Rc6 32. Bg2 Rd6 33. Kc2 Ne3+ 34. Kb3 Nxg2 0-1

[Event "Play for Durgesh Fundraiser Blitz"]
[Site "Vishy Anand Arena"]
[Date "2020.09.19"]
[Round "6"]
[White "Prochamp27"]
[Black "Deer25"]
[Result "0-1"]
[WhiteElo "1555"]
[BlackElo "1466"]
[Annotator "NA"]
[PlyCount "116"]
[EventDate "2020.09.19"]
[EventType "swiss (blitz)"]

1. e4 e5 2. Nf3 Nc6 3. Bb5 a6 4. Bxc6 dxc6 5. Nc3 f6 6. O-O Bg4 7. h3 Bxf3 8. Qxf3 Bd6 9. d3 Ne7 10. Qg3 Ng6 11. h4 Qe7 12. h5 Nf4 13. Bxf4 exf4 14. Qh3 Qd7 15. Qxd7+ Kxd7 16. d4 g5 17. Rfe1 Rhg8 18. e5 fxe5 19. dxe5 Be7 20. Rad1+ Ke6 21. Ne4 Rad8 22. Nd2 Kf5 23. e6 g4 24. g3 fxg3 25. fxg3 Kg5 26. Re5+ Kf6 27. Re4 Bc5+ 28. Kg2 Rde8 29. Rf1+ Ke7 30. Nc4 b5 31. Na5 Bb6 32. Nxc6+ Kd6 33. Nb4 Rxe6 34. Rxe6+ Kxe6 35. Re1+ Kf5 36. Nd5 Kg5 37. Re5+ Kh6 38. Nxb6 cxb6 39. Re6+ Kxh5 40. Rxb6 Rc8 41. c3 Rd8 42. Rxa6 Rd2+ 43. Kf1 Rxb2 44. Ra5 Rc2 45. Rxb5+ Kg6 46. a4 Rxc3 47. a5 Rxg3 48. a6 Ra3 49. Rb6+ Kf7 50. Rb7+ Ke6 51. a7 Kd6 52. Rxh7 Kc6 53. Rh6+ Kb7 54. Rh7+ Ka8 55. Rh8+ Kxa7 56. Kg2 Kb6 57. Rb8+ Kc5 58. Rg8 g3 0-1

[Event "Play for Durgesh Fundraiser Blitz"]
[Site "Vishy Anand Arena"]
[Date "2020.09.19"]
[Round "6"]
[White "pranay20"]
[Black "BalbirSinghRana"]
[Result "1-0"]
[WhiteElo "1555"]
[BlackElo "1656"]
[Annotator "NA"]
[PlyCount "41"]
[EventDate "2020.09.19"]
[EventType "swiss (blitz)"]

1. e4 d5 2. exd5 Nf6 3. d4 Nxd5 4. c4 Nb4 5. a3 Qxd4 6. axb4 Qxd1+ 7. Kxd1 e5 8. Bd2 Bg4+ 9. f3 Bf5 10. Nc3 Nc6 11. Ne4 O-O-O 12. b5 Bxe4 13. fxe4 Nd4 14. Rxa7 Kb8 15. Ra4 Nb3 16. Nf3 g5 17. Kc2 Nd4+ 18. Nxd4 Rxd4 19. Bd3 Bc5 20. Rha1 Rxd3 21. Ra8# 1-0

[Event "Play for Durgesh Fundraiser Blitz"]
[Site "Vishy Anand Arena"]
[Date "2020.09.19"]
[Round "6"]
[White "VenkChess"]
[Black "Aditya_06"]
[Result "0-1"]
[WhiteElo "1554"]
[BlackElo "1752"]
[Annotator "NA"]
[PlyCount "68"]
[EventDate "2020.09.19"]
[EventType "swiss (blitz)"]

1. d4 Nf6 2. c4 e5 3. dxe5 Ng4 4. Nc3 Nc6 5. e4 Ngxe5 6. Nf3 Bc5 7. Nxe5 Nxe5 8. Bf4 Ng6 9. Bg3 d6 10. Be2 O-O 11. O-O a6 12. Nd5 Be6 13. a3 Ba7 14. b4 Re8 15. Rc1 Bxd5 16. exd5 Ne5 17. Bxe5 Rxe5 18. Bd3 Qe7 19. Qf3 Re8 20. Qh3 g6 21. g3 Qf6 22. Qg2 R5e7 23. h4 Qd4 24. Bb1 Re2 25. c5 dxc5 26. bxc5 Bxc5 27. Bd3 Rd2 28. Bb1 Bb6 29. h5 Qb2 30. h6 Rxf2 31. Rxf2 Qxc1+ 32. Kh2 Bxf2 33. Qxf2 Qd1 34. Qf6 Qd3 0-1

[Event "Play for Durgesh Fundraiser Blitz"]
[Site "Vishy Anand Arena"]
[Date "2020.09.19"]
[Round "6"]
[White "nachikethv"]
[Black "Vvalsaraju"]
[Result "1-0"]
[WhiteElo "1554"]
[BlackElo "1415"]
[Annotator "NA"]
[PlyCount "41"]
[EventDate "2020.09.19"]
[EventType "swiss (blitz)"]

1. e4 c5 2. d4 Nc6 3. d5 Ne5 4. Bf4 Ng6 5. Bg3 e5 6. Nf3 d6 7. Bb5+ Bd7 8. Bxd7+ Qxd7 9. O-O Nf6 10. Nc3 a6 11. Ng5 Be7 12. Qf3 O-O 13. b3 Rac8 14. Bh4 Ng4 15. Qh3 Nxh4 16. Nf3 Nxf3+ 17. gxf3 Nf6 18. Qg3 g6 19. f4 Nh5 20. Qf3 Nxf4 21. Qg3 1-0